[Event "Karpos Open 2013"]
[Site "Skopje MKD"]
[Date "2013.03.15"]
[Round "8.54"]
[White "Tesik, Csaba"]
[Black "Glavinac, Goran"]
[Result "1/2-1/2"]
[WhiteTitle "FM"]
[WhiteElo "2366"]
[BlackElo "2159"]
[WhiteFideId "735582"]
[BlackFideId "15001881"]
[EventDate "2013.03.09"]

1. e4 e5 2. Nf3 Nc6 3. Bb5 a6 4. Ba4 Nf6 5. O-O Be7 6. Re1 b5 7. Bb3 d6 8. c3
O-O 9. h3 h6 10. d4 Re8 11. Nbd2 Bf8 12. a4 Bd7 13. Bc2 exd4 14. cxd4 Nb4 15.
Bb1 bxa4 16. Ra3 c5 17. d5 Bb5 18. Nh2 g6 19. Ndf1 Bg7 20. Bd2 Nd7 21. Bc3 Ne5
22. Ne3 Qh4 23. Qd2 a5 24. Bxe5 dxe5 25. Rc3 Bf8 26. Neg4 Qg5 27. Qxg5 hxg5 28.
Nf6+ Kg7 29. Nxe8+ Rxe8 30. Nf3 f6 31. Nd2 Rb8 32. Nc4 Bxc4 33. Rxc4 Bd6 34. Re3
Na6 35. Rxa4 Rxb2 36. Bd3 Nb4 37. Rxa5 f5 38. exf5 Rd2 39. Be4 gxf5 40. Bxf5
Rd1+ 41. Kh2 Nxd5 42. Re2 Nf4 43. Rc2 Rd4 44. g3 Nd5 45. Kg2 Kf6 46. Bg4 e4 47.
Kf1 Ke5 48. Rcxc5 Bxc5 49. Rxc5 Rd2 50. Be2 Kd4 51. Rc1 Ke5 52. Rc5 Kd4 53. Rc4+
Ke5 54. Rc1 Rb2 55. Bc4 Nb4 56. Rd1 Rc2 57. Bb3 Rb2 58. Bc4 Rc2 59. Be2 Nd5 60.
Re1 Kd4 61. Bh5 e3 62. Be2 exf2 63. Kxf2 Ke5 64. Kf3 Kf6 65. Rd1 Nc3 66. Re1
Nxe2 67. Rxe2 Rc4 68. Re4 Rc5 69. Kg4 Rb5 70. Ra4 Kg6 71. Ra6+ Kf7 72. Rc6 Ra5
73. Rb6 Rc5 74. Kh5 Rc3 75. Rb7+ Kf6 76. Rb6+ Kf7 77. Kg4 Rc5 78. Rh6 Ra5 79.
Kh5 Ra3 80. g4 Rxh3+ 81. Kxg5 Ra3 82. Rb6 Kg7 83. Rb7+ Kg8 84. Kh5 Ra6 85. g5
Rc6 86. Re7 Ra6 87. Kg4 Rb6 88. Kf5 Ra6 89. Re6 Rxe6 90. Kxe6 1/2-1/2

[Event "Karpos Open 2013"]
[Site "Skopje MKD"]
[Date "2013.03.15"]
[Round "8.55"]
[White "Atanasov, Radislav"]
[Black "Schoorl, Rob"]
[Result "1-0"]
[BlackTitle "FM"]
[WhiteElo "2147"]
[BlackElo "2350"]
[WhiteFideId "2901471"]
[BlackFideId "1009508"]
[EventDate "2013.03.09"]

1. d4 d5 2. c4 c6 3. Nf3 Nf6 4. e3 Bg4 5. h3 Bxf3 6. Qxf3 e6 7. Nc3 Nbd7 8. Bd2
Bb4 9. Bd3 O-O 10. O-O-O Nb6 11. Qe2 Qe7 12. Kb1 a5 13. Rhe1 Rfb8 14. f3 Bxc3
15. Bxc3 Na4 16. Qc2 b5 17. cxb5 cxb5 18. Rc1 Nxc3+ 19. Qxc3 g6 20. Qc7 Qf8 21.
Qf4 Ne8 22. Rc5 b4 23. e4 dxe4 24. Bxe4 Qe7 25. Bxa8 Rxa8 26. Rec1 Rd8 27. Rxa5
Nf6 28. Rc7 1-0

[Event "Karpos Open 2013"]
[Site "Skopje MKD"]
[Date "2013.03.15"]
[Round "8.57"]
[White "Zemlicka, Vit"]
[Black "Zupe, Miran"]
[Result "1/2-1/2"]
[BlackTitle "IM"]
[WhiteElo "2043"]
[BlackElo "2308"]
[WhiteFideId "303143"]
[BlackFideId "14600277"]
[EventDate "2013.03.09"]

1. e4 d6 2. d4 Nf6 3. Nc3 g6 4. Be3 Bg7 5. f3 c6 6. Qd2 Qa5 7. O-O-O Nbd7 8. Kb1
h5 9. Bd3 b5 10. Nd5 Qxd2 11. Nxf6+ Bxf6 12. Rxd2 a6 13. f4 Bg7 14. Nf3 Nf6 15.
h3 Be6 16. Ng5 Bc4 17. b3 Bxd3 18. cxd3 Nh7 1/2-1/2

[Event "Karpos Open 2013"]
[Site "Skopje MKD"]
[Date "2013.03.15"]
[Round "8.59"]
[White "Manelidou, Maria"]
[Black "Organdziev, Oliver"]
[Result "1/2-1/2"]
[BlackTitle "FM"]
[WhiteElo "2029"]
[BlackElo "2293"]
[WhiteFideId "4212240"]
[BlackFideId "15000419"]
[EventDate "2013.03.09"]

1. e4 e5 2. Nf3 Nc6 3. d4 exd4 4. Nxd4 d5 5. exd5 Qxd5 6. Qe2+ Be6 7. Nxe6 fxe6
8. Nc3 Bb4 9. Bd2 Qf5 10. Qb5 O-O-O 11. Qxf5 exf5 12. O-O-O Nf6 13. f3 Rhe8 14.
Bb5 Re6 15. a3 Ba5 16. Rhe1 Rde8 17. Rxe6 Rxe6 18. Bc4 Re8 19. Re1 Rxe1+ 20.
Bxe1 Kd7 21. b4 Bb6 22. Bd2 Ne5 23. Bb3 c6 24. Ne2 Bf2 25. Nf4 g6 26. Kd1 Ke7
27. Ke2 Bb6 28. Bc3 Ned7 29. Nd3 Bc7 30. g3 Bd6 31. Bd4 a5 32. c3 axb4 33. axb4
h5 34. Be3 Nf8 35. Nc5 b6 36. Na4 b5 37. Nc5 h4 38. Kf2 hxg3+ 39. hxg3 Nh5 40.
g4 Nf6 41. gxf5 gxf5 42. Nb7 N8d7 43. Na5 Ne5 44. Bd4 Kd7 45. Bc2 f4 46. Bf5+
Kc7 47. Nb3 Kd8 48. Nc1 Ke7 49. Ne2 Ned7 50. Be4 c5 51. bxc5 1/2-1/2

[Event "Karpos Open 2013"]
[Site "Skopje MKD"]
[Date "2013.03.15"]
[Round "8.60"]
[White "Bejatovic, Bojana"]
[Black "Mladenovic, Stefan"]
[Result "0-1"]
[WhiteElo "2011"]
[BlackElo "2292"]
[WhiteFideId "15000141"]
[BlackFideId "942227"]
[EventDate "2013.03.09"]

1. d4 Nf6 2. e3 e6 3. f4 c5 4. Nf3 b6 5. Bd3 Bb7 6. c3 cxd4 7. exd4 Be7 8. O-O
O-O 9. Nbd2 d6 10. Qe2 Nbd7 11. Nc4 Qc7 12. f5 e5 13. dxe5 Bxf3 14. Rxf3 dxe5
15. Rg3 e4 16. Bc2 Qc5+ 17. Ne3 Bd6 18. Rh3 Ne5 19. Bd2 Rad8 20. b4 Qc7 21. Rf1
Rfe8 22. Bb3 Bf8 23. Rd1 Qc8 24. Be1 Nd3 25. Bg3 Qxc3 26. Ng4 Nxg4 27. Qxg4 Ne5
28. Qxe4 Rxd1+ 29. Bxd1 Qxb4 30. Qxb4 Bxb4 31. Rh4 Bc5+ 32. Kf1 Nd3 33. Ba4 Re7
34. Bb5 Nb4 35. Bc4 Nc2 36. Bf2 Re5 37. Rf4 Be3 38. Rf3 Bxf2 39. Kxf2 Nd4 40.
Rd3 Rxf5+ 41. Ke3 Ne6 42. Rd7 Ra5 43. Rb7 h5 44. Kf3 Ra3+ 45. Kf2 h4 46. h3 Ng5
47. Bb3 Kh7 48. Ke3 Kg6 49. Kf4 Ne6+ 50. Kg4 f5+ 51. Kxh4 Nc5 52. Re7 Nxb3 53.
axb3 Rxb3 54. Rxa7 Kh6 0-1

[Event "Karpos Open 2013"]
[Site "Skopje MKD"]
[Date "2013.03.15"]
[Round "8.62"]
[White "Velikic, Adela"]
[Black "Hadzimanolis, Antonios"]
[Result "0-1"]
[BlackTitle "FM"]
[WhiteElo "1990"]
[BlackElo "2289"]
[WhiteFideId "913553"]
[BlackFideId "4202813"]
[EventDate "2013.03.09"]

1. d4 Nf6 2. c4 d6 3. Nc3 Nbd7 4. e4 e5 5. d5 Nc5 6. Qc2 a5 7. Nf3 Be7 8. Be2
O-O 9. O-O c6 10. Be3 Na6 11. h3 c5 12. Rad1 Ne8 13. Nd2 Bg5 14. Nf3 Bxe3 15.
fxe3 g6 16. a3 Bd7 17. Bd3 Rb8 18. Qe2 Ng7 19. Qe1 Nc7 20. Nb5 Nxb5 21. cxb5 b6
22. a4 f5 23. Nd2 Qg5 24. Kh2 Kh8 25. Qg3 Qe7 26. Nc4 Nh5 27. Qe1 f4 28. Be2 Ng3
29. Rf3 g5 30. exf4 gxf4 31. Bf1 Be8 32. Rdd3 Bg6 33. Nd2 Bh5 34. Rf2 Rg8 35. b3
Qg7 36. Nc4 Qg6 37. Nd2 Rb7 38. Rc3 Rbg7 39. Rd3 Qg5 0-1

[Event "Karpos Open 2013"]
[Site "Skopje MKD"]
[Date "2013.03.15"]
[Round "8.63"]
[White "Djoric, Dusan"]
[Black "Spirliadis, Achileas"]
[Result "1-0"]
[WhiteTitle "FM"]
[WhiteElo "2270"]
[BlackElo "2076"]
[WhiteFideId "902136"]
[BlackFideId "4215770"]
[EventDate "2013.03.09"]

1. Nf3 Nf6 2. g3 d6 3. d4 Nc6 4. d5 Ne5 5. Nxe5 dxe5 6. Bg2 Rb8 7. c4 e6 8. Nc3
Bc5 9. O-O O-O 10. Bg5 h6 11. Bxf6 Qxf6 12. Ne4 Qe7 13. Nxc5 Qxc5 14. Rc1 Rd8
15. Rc3 c6 16. Qc2 cxd5 17. cxd5 Qf8 18. Rd1 Rd6 19. Rcd3 exd5 20. Rxd5 Rxd5 21.
Bxd5 Qe7 22. Qg6 Be6 23. Bxe6 fxe6 24. Qe4 Qc7 25. b3 Rc8 26. f3 a6 27. Kg2 b5
28. Rd3 Kf7 29. a4 bxa4 30. bxa4 Rb8 31. Re3 Rb2 32. Qxe5 Qxe5 33. Rxe5 Kf6 34.
f4 Rb4 35. Ra5 Rb6 36. h4 Rc6 37. h5 Kf7 38. Kf3 Kf6 39. g4 Kf7 40. Ke4 Kf6 41.
g5+ hxg5 42. fxg5+ Kf7 43. Ke5 Ke7 44. e3 Kf7 45. e4 Kg8 46. Kd4 Kh7 47. Re5 Kg8
48. a5 Kf7 49. Rc5 Rd6+ 50. Ke5 Rd7 51. Rc6 Ra7 52. Kd6 Kg8 53. g6 Ra8 54. Kd7 1-0

[Event "Karpos Open 2013"]
[Site "Skopje MKD"]
[Date "2013.03.15"]
[Round "8.66"]
[White "Sorgic, Dragan"]
[Black "Ioannidis, Evgenios"]
[Result "1-0"]
[WhiteTitle "FM"]
[BlackTitle "FM"]
[WhiteElo "2232"]
[BlackElo "2001"]
[WhiteFideId "909360"]
[BlackFideId "4229274"]
[EventDate "2013.03.09"]

1. e4 d5 2. exd5 Qxd5 3. Nc3 Qa5 4. d4 Nf6 5. Nf3 Bf5 6. Ne5 c6 7. g4 Be6 8. Nc4
Qc7 9. g5 Nd5 10. Ne4 Nd7 11. Bd2 O-O-O 12. Qf3 f5 13. Nc5 Nxc5 14. dxc5 Re8 15.
O-O-O Bd7 16. Qa3 Kb8 17. f4 Qc8 18. Ne5 Be6 19. c4 Nc7 20. Bg2 Na6 21. b4 g6
22. Bc3 Rg8 23. Qxa6 bxa6 24. Nxc6+ Qxc6 25. Bxc6 Rc8 26. Be5+ Rc7 27. Rd8+ Bc8
28. Rhd1 a5 29. b5 a6 30. b6 e6 31. Bxc7# 1-0

[Event "Karpos Open 2013"]
[Site "Skopje MKD"]
[Date "2013.03.15"]
[Round "8.67"]
[White "Koksal, Ege"]
[Black "Danov, Radi"]
[Result "1-0"]
[WhiteTitle "CM"]
[WhiteElo "2220"]
[BlackElo "1993"]
[WhiteFideId "6317626"]
[BlackFideId "2916185"]
[EventDate "2013.03.09"]

1. d4 Nf6 2. Nf3 c5 3. g3 cxd4 4. Nxd4 e5 5. Nb3 d5 6. Bg2 Nc6 7. O-O Be6 8. Bg5
Be7 9. Qd2 Qd6 10. Bxf6 Bxf6 11. Nc3 Rd8 12. Rad1 d4 13. e3 O-O 14. Ne4 Qe7 15.
exd4 Nxd4 16. Nxf6+ Qxf6 17. Nxd4 exd4 18. Qa5 Rc8 19. Be4 b6 20. Qxa7 Bh3 21.
Rfe1 Rfe8 22. Qb7 g6 23. Bd3 Bg4 1-0

[Event "Karpos Open 2013"]
[Site "Skopje MKD"]
[Date "2013.03.15"]
[Round "8.68"]
[White "Konstantinov, Aleksandar2"]
[Black "Bogoevski, Jani"]
[Result "0-1"]
[BlackTitle "FM"]
[WhiteElo "1796"]
[BlackElo "2217"]
[WhiteFideId "15000060"]
[BlackFideId "15000435"]
[EventDate "2013.03.09"]

1. c4 e6 2. g3 d5 3. Bg2 Nf6 4. cxd5 exd5 5. Nf3 c6 6. O-O Bf5 7. d4 Qc8 8. Re1
Bh3 9. Bh1 Bb4 10. Bd2 Bd6 11. Nc3 O-O 12. Rc1 h6 13. Nb5 Be7 14. a3 Na6 15. Nc3
Nc7 16. b4 Qf5 17. Nh4 Qd7 18. Qb3 Ne6 19. Nf3 Rad8 20. Na4 Ne4 21. Be3 Bf6 22.
Nc5 N6xc5 23. bxc5 Rfe8 24. Rb1 Re7 25. Red1 Rde8 26. Nd2 Ng5 27. Nf3 0-1

[Event "Karpos Open 2013"]
[Site "Skopje MKD"]
[Date "2013.03.15"]
[Round "8.70"]
[White "Ilic, Ljubomir"]
[Black "Yildiz, Mustafa"]
[Result "1-0"]
[WhiteTitle "FM"]
[WhiteElo "2198"]
[BlackElo "1858"]
[WhiteFideId "15000540"]
[BlackFideId "6302998"]
[EventDate "2013.03.09"]

1. e4 c5 2. Nf3 d6 3. d4 cxd4 4. Nxd4 Nf6 5. Nc3 a6 6. f4 Qc7 7. Bd3 e6 8. Qf3
Nbd7 9. Be3 b5 10. a3 Bb7 11. O-O Be7 12. Rae1 O-O 13. g4 Nb6 14. g5 Nfd7 15.
Qh3 Nc5 16. f5 Nxd3 17. cxd3 e5 18. Nde2 d5 19. f6 Bc5 20. fxg7 Bxe3+ 21. Qxe3
Rfe8 22. Qh3 d4 23. Nd1 Bc8 24. Qh5 Be6 25. Ng3 Qd7 26. Qh6 Qd8 27. Nh5 Nd7 28.
Rf6 1-0

[Event "Karpos Open 2013"]
[Site "Skopje MKD"]
[Date "2013.03.15"]
[Round "8.73"]
[White "Mitkovski, Zarko"]
[Black "Stefanov, Emil"]
[Result "1/2-1/2"]
[WhiteElo "2170"]
[BlackElo "1893"]
[WhiteFideId "15000150"]
[BlackFideId "2914794"]
[EventDate "2013.03.09"]

1. e4 c6 2. d4 d5 3. exd5 cxd5 4. Bd3 Nc6 5. c3 Qc7 6. Ne2 Bg4 7. f3 Bh5 8. Bf4
Qb6 9. Qb3 Qxb3 10. axb3 e6 11. b4 Bg6 12. Kd2 Bxd3 13. Kxd3 Nf6 14. b5 Ne7 15.
Nd2 Nc8 16. Ra2 Bd6 17. Rha1 Bxf4 18. Nxf4 Kd7 19. b3 g5 20. Ne2 Ne8 21. c4 Nc7
22. Nc3 a6 23. c5 Ne7 24. b6 Ne8 25. b4 Nc6 26. Ra4 Rb8 27. b5 axb5 28. Nxb5 Ng7
29. Nd6 f6 30. Nb3 Rhf8 31. Na5 Nxa5 32. Rxa5 Nf5 33. Nxf5 exf5 34. Re1 Rfe8 35.
Rxe8 Rxe8 36. Ra7 Kc6 37. Ra2 Kd7 38. Ra1 f4 39. Kd2 h6 40. h3 f5 41. Re1 Rxe1
42. Kxe1 h5 43. h4 g4 44. Kd2 Kc6 45. Kc2 Kb5 1/2-1/2

[Event "Karpos Open 2013"]
[Site "Skopje MKD"]
[Date "2013.03.15"]
[Round "8.74"]
[White "Ozturk, Hilal"]
[Black "Klemencic, Gorazd"]
[Result "1/2-1/2"]
[WhiteElo "1848"]
[BlackElo "2225"]
[WhiteFideId "6315330"]
[BlackFideId "14600820"]
[EventDate "2013.03.09"]

1. e4 e5 2. Nf3 Nc6 3. Bb5 Nf6 4. O-O Nxe4 5. d4 Nd6 6. Bxc6 dxc6 7. Nxe5 Be6 8.
Re1 Nf5 9. Qh5 Qh4 10. Qxh4 Nxh4 11. c3 Ng6 12. Nf3 h6 13. Nbd2 Be7 14. b3 O-O-O
15. Ne4 Rhe8 16. Bb2 Nf4 17. Re3 Nd5 18. Ree1 Nf6 19. Ned2 c5 20. Ba3 cxd4 21.
Bxe7 Rxe7 22. Nxd4 Rde8 23. Nxe6 Rxe6 24. Kf1 1/2-1/2

[Event "Karpos Open 2013"]
[Site "Skopje MKD"]
[Date "2013.03.15"]
[Round "8.75"]
[White "Stosevski, Ilija"]
[Black "Georgieva, Emilia"]
[Result "1/2-1/2"]
[WhiteElo "2136"]
[BlackElo "1904"]
[WhiteFideId "15000761"]
[BlackFideId "2902451"]
[EventDate "2013.03.09"]

1. g3 c6 2. d3 d5 3. Bg2 Nf6 4. Nf3 e6 5. Nbd2 Qc7 6. e4 Bd6 7. O-O O-O 8. Re1
e5 9. d4 Bg4 10. exd5 cxd5 11. dxe5 Bxe5 12. c3 Nc6 13. h3 Bh5 14. g4 Bg6 15.
Nxe5 Nxe5 16. Nf3 Nd3 17. Re3 Nf4 1/2-1/2

[Event "Karpos Open 2013"]
[Site "Skopje MKD"]
[Date "2013.03.15"]
[Round "8.76"]
[White "Krstev, Emil"]
[Black "Atanasov, Sande"]
[Result "1-0"]
[WhiteElo "2126"]
[BlackElo "1891"]
[WhiteFideId "15000958"]
[BlackFideId "15001539"]
[EventDate "2013.03.09"]

1. d4 Nf6 2. Nf3 e6 3. Bf4 Ne4 4. Nbd2 Nf6 5. e4 h6 6. Bd3 Nc6 7. a3 g5 8. Be3
d5 9. e5 Ng4 10. Qe2 f5 11. exf6 Qxf6 12. h4 Nxe3 13. fxe3 g4 14. Ne5 Nxe5 15.
dxe5 Qxe5 16. Bg6+ Kd7 17. O-O-O h5 18. Rhf1 a6 19. Nc4 Qg3 20. e4 Kc6 21. Be8+
Bd7 22. exd5+ exd5 23. Qe6+ Kb5 24. Bxd7+ c6 25. Rxd5+ 1-0

[Event "Karpos Open 2013"]
[Site "Skopje MKD"]
[Date "2013.03.15"]
[Round "8.77"]
[White "Hristovski, Srdzan"]
[Black "Batkoski, Nenad"]
[Result "1-0"]
[WhiteElo "2122"]
[BlackElo "1901"]
[WhiteFideId "15001148"]
[BlackFideId "15002780"]
[EventDate "2013.03.09"]

1. d4 e6 2. c4 f5 3. g3 Nf6 4. Bg2 c6 5. Nc3 d5 6. Nf3 Bd6 7. O-O Ne4 8. Nd2 h5
9. Nf3 h4 10. Nxe4 fxe4 11. Bg5 Be7 12. Bxe7 Qxe7 13. Nxh4 Qf6 14. f4 Nd7 15. e3
g5 16. fxg5 Qxg5 17. Qe2 Nf6 18. Qf2 Ng4 19. Qf7+ Kd8 20. Rf4 Bd7 21. Qg6 1-0

[Event "Karpos Open 2013"]
[Site "Skopje MKD"]
[Date "2013.03.15"]
[Round "8.79"]
[White "Nisic, Miroslav"]
[Black "Aksoy, Atilla"]
[Result "1-0"]
[WhiteElo "2079"]
[BlackElo "1791"]
[WhiteFideId "948578"]
[BlackFideId "6332404"]
[EventDate "2013.03.09"]

1. d4 Nf6 2. Nf3 d5 3. c4 dxc4 4. Nc3 Bg4 5. e4 e6 6. Bxc4 Nbd7 7. e5 Ng8 8. Be3
Ne7 9. h3 Bh5 10. g4 Bg6 11. Ng5 h6 12. Nge4 Nc6 13. a3 Be7 14. Qe2 a6 15. O-O-O
b5 16. Ba2 b4 17. d5 bxc3 18. dxc6 cxb2+ 19. Kxb2 Bxe4 20. Rxd7 Bxh1 21. Rxd8+
Rxd8 1-0

[Event "Karpos Open 2013"]
[Site "Skopje MKD"]
[Date "2013.03.15"]
[Round "8.80"]
[White "Silivri, Volkan Resat"]
[Black "Hadzi - Manev, Ljubomir"]
[Result "1-0"]
[BlackTitle "FM"]
[WhiteElo "1674"]
[BlackElo "2071"]
[WhiteFideId "6331521"]
[BlackFideId "15000443"]
[EventDate "2013.03.09"]

1. e4 c6 2. d4 d5 3. exd5 cxd5 4. Bd3 g6 5. Nf3 Nc6 6. c3 Bg7 7. Bf4 Bg4 8. Nbd2
Nf6 9. h3 Bxf3 10. Nxf3 O-O 11. O-O Rc8 12. Re1 a6 13. Qd2 Na5 14. Ne5 Nc4 15.
Nxc4 dxc4 16. Be4 Qd7 17. Bf3 e6 18. Rad1 Nd5 19. Be5 Rfd8 20. Bxd5 Qxd5 21. Qf4
f6 22. Bc7 Rd7 23. Bb6 Rc6 24. Bc5 e5 25. Qe3 e4 26. Qf4 Re6 27. Re3 f5 28. Rde1
h6 29. g4 Rf7 30. gxf5 gxf5 1-0

[Event "Karpos Open 2013"]
[Site "Skopje MKD"]
[Date "2013.03.15"]
[Round "8.82"]
[White "Peev, Kosta"]
[Black "Markovski, Velo"]
[Result "1-0"]
[WhiteElo "1648"]
[BlackElo "2042"]
[WhiteFideId "15001660"]
[BlackFideId "15002233"]
[EventDate "2013.03.09"]

1. d4 e6 2. Nf3 f5 3. b3 Nf6 4. e3 Ne4 5. Bb2 Bb4+ 6. c3 Be7 7. Bd3 O-O 8. O-O
b6 9. Nbd2 Bb7 10. c4 Qe8 11. Qc2 Qg6 12. Ne5 Qh5 13. Nxe4 fxe4 14. Bxe4 c6 15.
f4 d6 16. Rf3 dxe5 17. Rh3 Bh4 18. g3 g5 19. fxg5 Qxg5 20. Re1 Nd7 21. Rxh4 h6
22. dxe5 Rf7 23. Rf4 Raf8 24. Bg6 Rxf4 25. exf4 Qe7 26. Bh5 Qc5+ 27. Kf1 Rf5 28.
Bg4 Qf8 29. Bxf5 exf5 30. e6 1-0

[Event "Karpos Open 2013"]
[Site "Skopje MKD"]
[Date "2013.03.15"]
[Round "8.86"]
[White "Krstevski, Vlatko"]
[Black "Tairi, Krenar"]
[Result "0-1"]
[WhiteElo "2154"]
[BlackElo "1835"]
[WhiteFideId "15001237"]
[BlackFideId "15001679"]
[EventDate "2013.03.09"]

1. e4 c5 2. Nf3 e6 3. d4 cxd4 4. Nxd4 a6 5. Be2 Qc7 6. O-O Nf6 7. Bf3 Be7 8. Nc3
O-O 9. Re1 d6 10. g3 Nbd7 11. Bg2 Rb8 12. a4 b6 13. e5 Nxe5 14. f4 Qc5 15. fxe5
dxe5 16. Be3 exd4 17. Bxd4 Qxd4+ 18. Qxd4 Bc5 19. Rad1 Bxd4+ 20. Rxd4 Bb7 21.
Bf1 Rfd8 22. Red1 Rxd4 23. Rxd4 Kf8 24. Rd6 Nd5 25. Nxd5 Bxd5 26. Rd7 b5 27. a5
Rb7 28. Rd6 Rc7 29. Bd3 Rc6 30. Rd8+ Ke7 31. Ra8 g6 32. Ra7+ Kf6 33. Kf2 e5 34.
Ke3 Ke6 35. b3 h6 36. g4 Kf6 37. c4 bxc4 38. bxc4 Bxc4 39. Bxc4 Rxc4 40. Rxa6+
Kg5 41. h3 f5 42. gxf5 gxf5 43. Re6 Rc5 44. a6 Ra5 45. h4+ Kxh4 46. Rxh6+ Kg5
47. Re6 Ra3+ 48. Ke2 Kf4 0-1

[Event "Karpos Open 2013"]
[Site "Skopje MKD"]
[Date "2013.03.15"]
[Round "8.87"]
[White "Orehek, Spela"]
[Black "Cokreva, Gordana"]
[Result "1-0"]
[WhiteElo "2062"]
[BlackElo "1794"]
[WhiteFideId "14605872"]
[BlackFideId "15000400"]
[EventDate "2013.03.09"]

1. e4 e5 2. d4 exd4 3. Nf3 Bb4+ 4. c3 dxc3 5. bxc3 Bc5 6. Bc4 Qe7 7. O-O d6 8.
e5 Be6 9. Re1 Nd7 10. Bg5 Qf8 11. exd6 Qxd6 12. Qb3 Bxf2+ 13. Kxf2 Nc5 14. Qb4
Nf6 15. Kg1 O-O-O 16. Nbd2 Rhe8 17. Qa3 a6 18. Bxe6+ Rxe6 19. Nc4 Qd5 20. Ne3
Qc6 21. Nd4 Rxd4 22. cxd4 Nce4 23. d5 Nxd5 24. Nxd5 1-0

[Event "Karpos Open 2013"]
[Site "Skopje MKD"]
[Date "2013.03.15"]
[Round "8.89"]
[White "Lazov, Toni"]
[Black "Minas, Ioannis"]
[Result "0-1"]
[WhiteElo "1927"]
[BlackElo "2019"]
[WhiteFideId "15000770"]
[BlackFideId "4251857"]
[EventDate "2013.03.09"]

1. e4 d5 2. exd5 Nf6 3. d4 Bg4 4. f3 Bf5 5. Bb5+ Bd7 6. Bxd7+ Qxd7 7. c4 c6 8.
dxc6 Nxc6 9. Ne2 O-O-O 10. Be3 e5 11. d5 e4 12. Nd2 Ne5 13. O-O exf3 14. Nxf3
Nxf3+ 15. Rxf3 Kb8 16. Nd4 Ka8 17. Nb5 a6 18. Qd4 b6 19. Qxb6 axb5 20. Qa6+ Kb8
21. Bf4+ Bd6 22. Ra3 Bxf4 23. Qa8+ Kc7 24. Ra7+ Kb6 25. Ra6+ Kc5 26. Rc6+ Kd4
27. Qa3 Ne4 28. Qf3 Be3+ 29. Kh1 Nf2+ 30. Kg1 Qg4 31. Qxf7 Rd7 0-1

[Event "Karpos Open 2013"]
[Site "Skopje MKD"]
[Date "2013.03.15"]
[Round "8.91"]
[White "Dimov, Daniel"]
[Black "Zhezhov, Emil"]
[Result "1-0"]
[WhiteElo "2003"]
[BlackElo "1769"]
[WhiteFideId "15001288"]
[BlackFideId "15001318"]
[EventDate "2013.03.09"]

1. e4 d6 2. d4 g6 3. Nf3 Bg7 4. c4 a6 5. Nc3 Nd7 6. Be2 e6 7. O-O Ne7 8. Bg5 h6
9. Bh4 b6 10. Ne1 O-O 11. f4 Bb7 12. Bf3 Qe8 13. Nc2 Kh8 14. Qd2 f6 15. Rae1 Qf7
16. e5 Bxf3 17. Rxf3 Ng8 18. d5 dxe5 19. fxe5 f5 20. dxe6 Qxe6 21. Nd4 Qxc4 22.
b3 Qb4 23. a3 Qc5 24. Bf2 Nxe5 25. Rh3 Qd6 26. Be3 Ng4 27. Nf3 Qxd2 28. Bxd2
Rfe8 29. Rxe8 Rxe8 30. Nd5 Ne5 31. Nxe5 Rxe5 32. Nxc7 a5 33. Bc3 Re4 34. Nd5
Bxc3 35. Rxc3 Re5 36. Rc8 Kg7 37. Nxb6 Rb5 38. Nd7 Rd5 39. Rxg8+ Kf7 40. Ra8
Rxd7 41. Rxa5 Rd6 42. Re5 Kf6 43. Re3 f4 44. Rc3 Ke5 45. a4 Kd4 46. Rc1 Ke3 47.
a5 g5 48. h3 h5 49. b4 g4 50. hxg4 hxg4 51. Re1+ Kd2 52. Re4 g3 53. Rxf4 Kc3 54.
Kf1 Rd2 55. a6 Ra2 56. b5 Kd3 57. Rf3+ Kc4 58. Rxg3 Kxb5 59. Rg6 Kc5 60. g4 Kd5
61. g5 Ke5 62. Rb6 Kf4 63. g6 Kf3 64. Rf6+ Ke4 65. g7 Ra1+ 66. Kf2 Ra3 67. g8=Q 1-0

[Event "Karpos Open 2013"]
[Site "Skopje MKD"]
[Date "2013.03.15"]
[Round "8.92"]
[White "Stojanovski, Stefan"]
[Black "Antoniadou, Paraskevi"]
[Result "1-0"]
[WhiteElo "1989"]
[BlackElo "1732"]
[WhiteFideId "15002446"]
[BlackFideId "4220676"]
[EventDate "2013.03.09"]

1. e4 e6 2. d4 d5 3. Nd2 c5 4. Ngf3 Nc6 5. exd5 Qxd5 6. Bc4 Qd8 7. Nb3 cxd4 8.
Nfxd4 Bd7 9. Nb5 Ne5 10. Be2 Bxb5 11. Bxb5+ Nd7 12. Bg5 Be7 13. Bxe7 Nxe7 14.
Qg4 O-O 15. O-O-O Nf6 16. Rxd8 Nxg4 17. Rd7 Nf5 18. f3 Nf6 19. Rd2 a6 20. Be2
Rac8 21. Nd4 Ne3 22. g3 Rfd8 23. c3 e5 24. Nb3 Nfd5 25. Re1 b5 26. a3 Rc7 27.
Bxb5 Rb8 28. Bxa6 Nxc3 29. Rxe3 Nd5+ 30. Kb1 Nxe3 31. Rd3 Nf1 32. a4 g6 33. Ka2
Rb6 34. Rd8+ Kg7 35. Bxf1 Rcb7 36. Bb5 Rc7 37. Rd5 Kf6 38. a5 Rb8 39. Bd3 1-0

[Event "Karpos Open 2013"]
[Site "Skopje MKD"]
[Date "2013.03.15"]
[Round "8.93"]
[White "Zdravkovic, Dragan S"]
[Black "Nikolovski, Nikola"]
[Result "0-1"]
[WhiteElo "1913"]
[BlackElo "1965"]
[WhiteFideId "912867"]
[BlackFideId "15002314"]
[EventDate "2013.03.09"]

1. e4 c5 2. Nf3 d6 3. c3 Nf6 4. h3 g6 5. e5 dxe5 6. Nxe5 Bg7 7. Bb5+ Nbd7 8. Qb3
O-O 9. d4 cxd4 10. cxd4 Nxe5 11. dxe5 Be6 12. Qd3 Qc7 13. Qc3 Nd5 14. Qxc7 Nxc7
15. Be2 Bxe5 16. O-O Rac8 17. Nd2 Nd5 18. Nc4 Bg7 19. a3 Nc3 20. bxc3 Bxc4 21.
Bxc4 Rxc4 22. Rb1 b6 23. Bg5 e6 24. Rfd1 Rxc3 25. Rd7 f6 26. Bc1 Rfc8 27. Bb2
R3c7 28. Rbd1 Kf8 29. g4 Ke8 30. Rxc7 Rxc7 31. Rd3 e5 32. Kg2 Ke7 33. a4 Rd7 34.
Rb3 Rd5 35. Ba3+ Kd7 36. Bb4 Kc6 37. Rc3+ Kd7 38. a5 bxa5 39. Bc5 f5 40. Bxa7 e4
41. Rc2 Be5 42. gxf5 gxf5 43. Ra2 Kc6 44. h4 h5 45. Rc2+ Kb5 46. Rc8 a4 47. Rf8
a3 48. Be3 a2 49. Rxf5 a1=Q 0-1

[Event "Karpos Open 2013"]
[Site "Skopje MKD"]
[Date "2013.03.15"]
[Round "8.94"]
[White "Gonzalez Espana, Maria Gabriela"]
[Black "Lakinska, Simona"]
[Result "1/2-1/2"]
[WhiteElo "1958"]
[BlackElo "1673"]
[WhiteFideId "22273417"]
[BlackFideId "15001695"]
[EventDate "2013.03.09"]

1. c4 c5 2. Nc3 Nf6 3. g3 d5 4. cxd5 Nxd5 5. Bg2 Nc7 6. Nf3 Nc6 7. O-O e5 8. d3
Be7 9. Be3 O-O 10. Rc1 Ne6 11. Na4 Qa5 12. Bd2 Qd8 13. Be3 Qa5 14. Nd2 Bd7 15.
Nc4 Qc7 16. Nc3 f6 17. Nd5 Qd8 18. f4 exf4 19. gxf4 b6 20. f5 Nc7 21. Bf4 Nxd5
22. Bxd5+ Kh8 23. e4 Rc8 24. Qh5 Be8 25. Qh4 Bf7 26. Ne3 Bd6 27. Bxf7 Rxf7 28.
Nd5 Bxf4 29. Rxf4 Ne7 30. Nxe7 Rxe7 31. Rc3 Qd4+ 32. Kg2 Qe3 33. Qf2 Qxf2+ 34.
Kxf2 Rd8 35. h4 Kg8 36. h5 h6 37. Ke2 Kf8 38. Rg4 Re5 39. Kd2 Rd6 40. Kc2 Rd7
41. a3 1/2-1/2